000 00335nam a2200145Ia 4500
100 _aJhamb / L.C
942 _cBK
654 _amaterials management
245 _aCases and problems on materials management
260 _bEverest Pub.House
_aPune
_c1987
082 _a658.7
_bJHA
300 _a190
546 _aENGLISH
999 _c22901
_d22901